000
00313nam a22001457a 4500
008
210607b ||||| |||| 00| 0 eng d
020
_a
0801619645
041
_a
eng
080
_a
611
082
_a
611
100
_a
6
101
_a
ANA
245
_a
Diseases of the Cornea
_c
Merrill Grayson
942
_2
udc
_c
BK
999
_c
57991
_d
57991